First Name as Last Name as First Name - Mega Quiz - Statistics

General Stats
  • This quiz has been taken 480 times
  • The average score is 63 of 93
Answer Stats
First Name ? Name ? Last Name % Correct
Anne Frank Sinatra
100%
Tom Arnold Schwarzenneger
94%
Meg Ryan Gosling
93%
Aretha Franklin Roosevelt
92%
Olivia Newton John Wayne
92%
Elizabeth Taylor Swift
92%
Kristin Scott Thomas Edison
92%
Paul Simon Cowell
91%
Lebron James Brown
90%
Willie Nelson Mandela
90%
Vanilla Ice Cube
88%
Marv Albert Einstein
87%
Jennifer Lawrence Of Arabia
87%
Cliff Richard Nixon
85%
Ray Charles Chaplin
84%
Piers Morgan Freeman
84%
Sarah Jessica Parker Posey
84%
Channing Tatum O'Neil
84%
Larry David Beckham
83%
Boy George Harrison
83%
Spike Lee Marvin
83%
George Michael Jackson
83%
Pamela Anderson Cooper
82%
Nat King Cole Porter
81%
Debbie Harry Houdini
81%
Grace Kelly Clarkson
81%
Madison Michelle Obama
81%
Rand Paul Anka
80%
Steve Martin Luther
79%
Lionel Richie Rich
79%
David Cameron Diaz
78%
Warren Christopher Colombus
78%
Sir Edmund Hillary Clinton
78%
Woody Allen Ginsberg
76%
Eli Whitney Houston
76%
Ralph Lauren Bacall
75%
Carol Channing Tatum
74%
John Wayne Gretzky
74%
Daryl Hannah Montana
72%
Lee Marvin Gaye
72%
Kurt Russell Crowe
72%
Paul Stanley Kubrick
72%
Liv Tyler Perry
72%
Andy Dick Cheney
71%
Susan B. Anthony Quinn
70%
Etic Carmen Electra
70%
Dick Clark Gable
70%
T.S. Eliot Ness
70%
Pee-Wee Herman Melville
70%
Buddy Holly Hunter
70%
Ron Jeremy Irons
70%
Lenny Bruce Willis
69%
Jerry Lee Lewis Black
69%
John Oliver Cromwell
68%
Diana Ross Perot
68%
Conrad Janis Joplin
67%
"Sugar" Ray Leonard Cohen
66%
Clive Owen Wilson
65%
Lesley Ann Warren Beatty
65%
PJ Harvey Keitel
64%
Victor Hugo Chavez
63%
Spencer Tracy Ullman
63%
Michael Jackson Pollock
62%
Don Juan Carlos
61%
Martin Luther Vandross
61%
Paula Abdul "Duke" Fakir
60%
Ariel Sharon Stone
60%
Matt Damon Albarn
59%
Campbell Scott Disick
59%
Nina Simone de Bouvier
59%
Sharon Stone Phillips
59%
James Earl Ray Charles
58%
Hank Aaron Spelling
57%
George Harrison Ford
57%
Billy Joel Coen
57%
Ashley Judd Nelson
55%
Ron Howard Hughes
53%
Maurice Ashley Judd
51%
James Dean Martin
51%
Kim Gordon Ramsey
50%
Tony Curtis Mayfield
47%
Bob Dylan McDermott
47%
Jason Alexander McQueen
43%
Jennie Garth Brooks
39%
Heather Graham Greene
37%
Annie Lennox Lewis
37%
Billy Crystal Gayle
36%
Chris Rock Hudson
36%
Peter Gabriel Byrne
32%
Joseph Conrad Hilton
30%
Buddy Guy Ritchie
25%
Philip Morris Chestnut
25%
Sandy Patti Smith
15%
No matching quizzes found
Score Distribution
Percent of People with Each Score
Percentile by Number Answered
Your Score History
You have not taken this quiz